000 00714nam a2200241Ia 4500
003 OSt
005 20220928124250.0
006 a|||||r|||| 00| 0
007 ta
008 220927b |||||||| |||| 00| 0 eng d
024 _a32042
037 _cReference Collections
040 _aSDCL
_cSDCL
_beng
041 _2eng
_aeng
082 _aR85x, N8 RR
100 _aCritchley Simon Ed.
_9464121
245 0 _aCompanion to continental Philosophy.
260 _aOxford
_bBlackwell
_c1998
300 _axv,680p
_ccm.
700 _a Schroeder William Ed.
_9464122
942 _hR85x, N8 RR
_cREF
_2CC
999 _c776998
_d776998